تاريخ حركة المقاومة الإسبانية ضد المسلمين في الأندلس / (Record no. 17087)

MARC details
000 -الفاتح
حقل البيانات ثابتة الطول 01102nac a22002411i 4500
003 - محدد رقم الضبط
رقم الضبط EG-ScBUE
005 - وقت وتاريخ اخر تعامل مع التسجيلة
رقم الضبط 20240104111451.0
008 - عناصر البيانات ثابتة الطول - معلومات عامة
حقل البيانات ثابتة الطول 121107s1987 ua af 000 0 ara d
040 ## - مصدر الفهرسة
وكالة الفهرسة الأصلية EG-ScBUE
لغة الفهرسة ara
قواعد الوصف rda
وكالة النسخ EG-ScBUE
وكالة التعديل EG-ScBUE
082 04 - رقم تصنيف ديوى العشرى
رقم التصنيف 946.8
رقم المادة ر م ض
رقم الطبعة 22
100 1# - المدخل الرئيسى - إسم شخصى
الإسم الشخصى رمضان، عبد المحسن طه،
الدور مؤلف.
9 (RLIN) 31282
245 10 - بيان العنوان
العنوان تاريخ حركة المقاومة الإسبانية ضد المسلمين في الأندلس /
بيان المسئوليه,etc دكتور عبد المحسن طه رمضان، كلية الآداب، جامعة عين شمس.
264 #1 - النشر، التوزيع
مكان الناشر او الموزع [القاهرة] :
اسم الناشر او الموزع مكتبة سعيد رأفت،
تاريخ النشر أو التوزيع [1987]
300 ## - الوصف المادى
التعداد 308 صفحة ؛
أبعاد الوعاء 24 سم
336 ## - نوع المحتوى
source rdacontent
Carrier Type Term نص
Content Type Code txt
337 ## - نوع الوسيط
Media Type Term بدون وسيط
source rdamedia
Media Type Code n
338 ## - نوع الحامل أو الناقل
Carrier Type Term مجلد
Carrier Type Code nc
source rdacarrier
505 0# - تبصرة محتويات-الفهرس
العنوان الجزء الأول. أصولها وتكوينها (711-739 م / 92-121 هـ).
650 #7 - المدخل الاضافى بالموضوع-مصطلح موضوعى
مصطلح موضوعي أو اسم جغرافي كعنصر مدخل الفتوحات الإسلامية
التقسيم الفرعي الجغرافي إسبانيا.
مصدر الرأس أو المصطلح BUEsh
9 (RLIN) 31283
651 #7 - المدخل الاضافى بالموضوع - اسم جغرافى
الاسم الجغرافي أسبانيا
التقسيم الفرعي العام تاريخ
التقسيم الفرعي الزمني عصر صدر الإسلام.
مصدر الرأس أو المصطلح BUEsh
9 (RLIN) 31285
655 ## - مصطلح تكشيفى-نوع/شكل
التقسيم الفرعي الشكلي Reading book
942 ## - عناصر المدخل الإضافي( كوها)
مصدر التصنيف او مخطط الترفيف Dewey Decimal Classification
Koha [default] item type Book - Borrowing
Holdings
حالة التراجع حالة الفقد مصدر التصنيف او خطة الترفيف حالة تلف ليس للاعارة مجموعات كوها المكان الدائم المكان الحالي موقع الترفيف تاريخ الاكتساب Source of acquisition رقم الاستدعاء الباركود Date last seen نوع الوعاء تبصرة عامة
    Dewey Decimal Classification     Alef-Baa Central Library Central Library Second Floor 07/11/2012 Purchase 946.8 ر م ض 000007712 15/07/2025 Book - Borrowing ج. 1.